From the Holy Mountain (Record no. 13484)

MARC details
000 -LEADER
fixed length control field 00626nam a2200241 a 4500
020 ## - INTERNATIONAL STANDARD BOOK NUMBER
ISBN 9780143031086
082 00 - DEWEY DECIMAL CLASSIFICATION NUMBER
Classification number 949.5
Author Cutter DAL
100 ## - MAIN ENTRY--AUTHOR NAME
Author name Dalrymple, William
245 ## - TITLE STATEMENT
Title From the Holy Mountain
Sub title A Journey in the Shadow of Byzantium
260 ## - PUBLICATION, DISTRIBUTION, ETC. (IMPRINT)
Place of publication India
Name of publisher Penguin Books
Year of publication 1997
300 ## - PHYSICAL DESCRIPTION
Number of Pages 483p
500 ## - GENERAL NOTE
General note includes index and biblioraphy
505 2# - FORMATTED CONTENTS NOTE
Formatted contents note Index
650 ## - SUBJECT ADDED ENTRY--TOPICAL TERM
Topical Term Byzantine-History
942 ## - ADDED ENTRY ELEMENTS (KOHA)
Koha item type Books
700 1# -
-- Dalrymple, William
Holdings
Collection code Home library Current library Date acquired Cost, normal purchase price Full call number Accession Number Koha item type
  Henry Martyn Institute Library Henry Martyn Institute Library 11/21/2012 399.00 949.5 DAL 023990 Books
                   Copyright © 2026 | Henry Martyn Institute | Hyderabad | TS-500052 | INDIA | Implemented by hmi.edu.in
Hit-Count:

Powered by Koha